000 01064nam a2200289 a 4500
001 000048661
003 DO-SdBNP
005 20230810113521.0
008 190405s2015 dr ac 000 m spa d
020 _a9789996404566
040 _aDO-SdBNP
_bspa
_cBNPHU
082 4 _aRD863.4408
_bM965m
_222
245 0 0 _a(M) UN DOS :
_bmuestrario de poesía nicaragüense y dominicana /
_cselección, prólogo, introducciones, notas y glosario de Luis Ricardo Arévalo Arias.
260 _aManagua, Nicaragua :
_bAncestros,
_c2015.
300 _a298 p. :
_bil., retrs. ;
_c22 cm.
500 _aMundos
500 _aIncluye datos biográficos del autor
504 _aBibliografía : 289-292
590 _aInventariado, 2019/LP
650 4 _aPoesía dominicana
_vColecciones
650 4 _aPoesía nicaragüense
_98179
_vColecciones
650 4 _aLiteratura dominicana
_vColecciones
_97123
650 4 _aLiteratura nicaragüense
_vColecciones
_983932
700 1 _aArévalo Arias, Luis Ricardo
_983931
910 _aValidado. Control de calidad MFF
942 _2ddc
_cLBS1
999 _c48149
_d48149